| 000 | 01377nam a2200301Ia 4500 | ||
|---|---|---|---|
| 001 | ebr10167407 | ||
| 003 | CaPaEBR | ||
| 006 | m u | ||
| 007 | cr cn||||||||| | ||
| 008 | 070509s2006 ne a s 000 0 eng d | ||
| 010 | _z 2007403040 | ||
| 020 | _z9781586036928 | ||
| 020 | _z1586036920 | ||
| 024 | 3 | _z9781586036928 | |
| 040 |
_aCaPaEBR _cCaPaEBR |
||
| 035 | _a(OCoLC)491253573 | ||
| 050 | 1 | 4 |
_aF2651.O4 _bW67 2006eb |
| 245 | 0 | 0 |
_aWorld heritage site Olinda in Brazil _h[electronic resource] : _bproposals for intervention : proceedings of the Third International Symposium on Restoration, Delft University of Technology, the Netherlands 26 & 27, October, 2006 / _ceditiors, Paul Meurs, Leo G.W. Verhoef. |
| 260 |
_aThe Netherlands : _bPublished by IOS Press, _c2006. |
||
| 300 |
_avii, 261 p. : _bill. (some col.) |
||
| 533 |
_aElectronic reproduction. _bPalo Alto, Calif. : _cebrary, _d2009. _nAvailable via World Wide Web. _nAccess may be limited to ebrary affiliated libraries. |
||
| 650 | 0 |
_aHistoric buildings _xConservation and restoration _zBrazil _zOlinda _vCongresses. |
|
| 650 | 0 |
_aCities and towns _zBrazil _zOlinda. |
|
| 655 | 7 |
_aElectronic books. _2local |
|
| 700 | 1 | _aMeurs, Paul. | |
| 710 | 2 | _aebrary, Inc. | |
| 856 | 4 | 0 |
_uhttp://site.ebrary.com/lib/rucke/Doc?id=10167407 _zAn electronic book accessible through the World Wide Web; click to view |
| 999 |
_c246943 _d246943 |
||